[Event "Groningen PCA"]
[Site "Groningen"]
[Date "1993.??.??"]
[Round "9"]
[White "Illescas Cordoba, Miguel"]
[Black "Oll, Lembit"]
[Result "0-1"]
[WhiteElo "2625"]
[BlackElo "2595"]
[Annotator "Chekhov"]
[PlyCount "72"]
[EventDate "1993.12.??"]
[EventType "swiss"]
[EventRounds "11"]
[EventCountry "NED"]
[Source "ChessBase"]
[SourceDate "1994.04.01"]

1. Nf3 {Ftacnik} Nf6 2. c4 c6 3. Nc3 d5 4. e3 e6 5. d4 Nbd7 6. Bd3 dxc4 7. Bxc4
b5 8. Bd3 a6 9. e4 c5 10. e5 cxd4 11. Nxb5 Ng4 12. Nd6+ (12. Qa4 Bb7 13. Nbxd4
Qb6 14. O-O Bc5 15. Be3 (15. h3 $6 Bxf3 16. hxg4 Bb7 17. Nf3 h5 18. Bd2 Bxf3 $1
19. gxf3 hxg4 20. fxg4 Qxb2 21. Rad1 $3 $15 {
Alterman,B-Rogic,D/Zagreb(zt)/1993/1:0 (38) Inf 54/438/}) 15... Nxe3 16. fxe3
h6 17. Kh1 Rd8 18. Rad1 (18. b4 Qxb4 $1 19. Qc2 Bxd4 20. Rab1 Qc3 21. Rxb7 Bxe5
$1 22. Nxe5 Qxc2 23. Bxc2 Nxe5 $15 {
Alterman,B-Chernin,A/Beer-Sheva/1992/0:1 (60) Inf 54/443/}) 18... O-O 19. Nb3
Bxe3 20. Be4 $10) 12... Bxd6 13. exd6 Qa5+ $1 (13... Nc5 $2 {Ftacnik} 14. b4 $1
$16 (14. Be2 e5 15. O-O Qxd6 16. Ng5 Nf6 17. b4 Ne6 18. Nxe6 Bxe6 19. b5 axb5
20. Bxb5+ Bd7 21. a4 Bxb5 22. Ba3 Qd5 23. axb5 Ne4 24. Qg4 $16 {
Bany-Szabolcsi/Bytom (4)/1988/1-0 (35)}) 14... Nxd3+ 15. Qxd3 e5 16. Qe4 Rb8
17. Nxe5 O-O 18. Nc6 $1 Qxd6 19. Bf4 Qf6 20. Nxb8 Bf5 21. Qf3 Re8+ 22. Kf1 Qg6
$2 23. h3 $1 $18 {Piket,J-Kuijf,M/Nederland ch/1991/1-0 (31)}) (13... Bb7 {
Ftacnik} 14. O-O Qb6 15. Bf4 Rd8 16. Re1 Qxb2 17. Bg3 (17. Nd2 {
Christiansen,L-Henley,R/USA ch/1984/}) 17... Bxf3 18. gxf3 Ngf6 19. Bxa6 O-O
20. a4 Qb6 21. Bb5 e5 22. f4 e4 23. f5 d3 24. Bxd7 $13 {
Strating,S-Kupreichik,V/Leeuwarden VB (04)/1993/0-1 (35)}) 14. Bd2 Qd5 15. O-O
(15. Qa4 e5 16. O-O O-O 17. Rfe1 Rb8 18. Rac1 $13) 15... Nge5 16. Nxe5 Nxe5 17.
Bb4 $6 (17. Bf4 {Ftacnik} Bb7 18. f3 Nxd3 19. Qxd3 O-O $15 {
Cvitan,O-Chernin,A/Debrecen/1992/0.5 (38)}) 17... a5 18. d7+ (18. Ba3 Bb7 (
18... Nxd3 {Ftacnik} 19. Qxd3 Ba6 $19) 19. f3 Nxd3 20. Qxd3 Ba6 21. d7+ Kxd7
22. Qd2 Bxf1 $19) 18... Bxd7 19. Ba3 Bc6 20. f3 Nxd3 21. Qxd3 Bb5 22. Qc2 Bxf1
23. Rxf1 d3 24. Qc3 f6 25. Rd1 Rd8 26. Qc7 Qd7 27. Qxa5 Kf7 28. Qh5+ g6 29. Qc5
Rc8 30. Qe3 Rhd8 31. Bb4 Qa4 32. Qd2 Rc2 33. Qh6 Qxb4 34. Qxh7+ Kf8 35. Qh8+
Ke7 36. Qg7+ Kd6 (36... Kd6 37. Rxd3+ Kc6 38. Rxd8 Qe1#) 0-1

[Event "Groningen PCA"]
[Site "Groningen"]
[Date "1993.??.??"]
[Round "10"]
[White "Oll, Lembit"]
[Black "Topalov, Veselin"]
[Result "1-0"]
[WhiteElo "2595"]
[BlackElo "2650"]
[Annotator "Belov"]
[PlyCount "101"]
[EventDate "1993.12.??"]
[EventType "swiss"]
[EventRounds "11"]
[EventCountry "NED"]
[Source "ChessBase"]
[SourceDate "1994.04.01"]

1. d4 f5 2. g3 Nf6 3. Bg2 g6 4. Nf3 Bg7 5. c4 O-O 6. Nc3 d6 7. O-O Qe8 8. d5 a5
9. Ne1 $5 $146 (9. Rb1 Na6 10. a3 Nc5 11. Nb5 Qd8 12. b4 axb4 13. axb4 Nce4 14.
Nfd4 e5 $1 15. dxe6 c6 $13 {
Illeskas Cordoba,M-Mellado Travino,J/LLeida/1991/1:0 (32)/}) (9. Nd4 Na6 10. e4
fxe4 11. Nxe4 Nxe4 12. Bxe4 Bh3 13. Bg2 (13. Re1 Nc5 14. Bh1 Qa4 $1 15. b3 Qb4
$13 {Komarov,D-Piskov,Y/Douai/1993/ Inf 57/113/}) 13... Bxg2 14. Kxg2 Nc5 $10 {
Cvitan,O-Piskov,Y/Moscow(GMA)/1989/}) (9. Nd4 Na6 10. b3 Nc5 11. Bb2 Bd7 12. e3
c6 13. a3 Rc8 14. Nce2 cxd5 15. cxd5 g5 16. Rc1 Qh5 $10 {
Stohl,I-Gazik,I/Stary Smokovec/1986/0,5 (44)/}) (9. Be3) 9... Na6 10. Nd3 Bd7
11. Re1 Qf7 (11... h6 12. e4 fxe4 13. Nxe4 Qf7 14. Be3 $16) 12. Nf4 $5 Rab8 (
12... g5 $2 13. Ne6 Bxe6 14. dxe6 Qxe6 15. Bxg5 $16) (12... Nc5 $5 13. Be3 b6
14. Bd4 Rae8 $13) 13. Be3 h6 14. Ba7 $1 Rbd8 15. Bd4 b6 16. e4 fxe4 17. Nxe4 g5
(17... Nc5 $6 18. Nxc5 bxc5 19. Bc3 $16) 18. Ne6 (18. Nd3 Rde8 $13) 18... Bxe6
19. dxe6 Qg6 (19... Qxe6 $4 20. Nxf6+ $18) 20. Nc3 (20. Qd3 $5 Kh8 21. Rad1 $14
) 20... c5 21. Be3 Nc7 22. Rb1 Kh8 (22... g4 $5) 23. Nd5 Nfxd5 24. cxd5 Nb5 (
24... h5 25. a4 $14) 25. Qg4 Nd4 26. Be4 (26. f4 Nc2 $13) 26... Qf6 27. Kh1 (
27. f4 $16) 27... b5 $2 (27... Nf3 $5 28. Red1 b5 $13) 28. f4 $1 $16 Nf5 (28...
gxf4 29. gxf4 Rg8 30. Qh5 Bf8 31. Rg1 $18) 29. Bd2 gxf4 30. gxf4 h5 $8 (30...
b4 31. Qh5 {/\Rg1-g6+-/}) 31. Qxh5+ Qh6 32. Qg4 $1 Nh4 $8 (32... Nd4 33. Re3
Rxf4 34. Qxf4 Qxf4 35. Rh3+ $18) (32... Qf6 33. Qh3+ Nh6 34. Rg1 $18) 33. Re2
$1 Rg8 34. f5 Qh7 35. Qh3 (35. f6 $5 Bxf6 36. Qh3 Qh5 37. Rf2 Rg4 38. Bf3 $16)
35... Bf6 36. Bxa5 $5 (36. Rf2 $5) 36... Ra8 37. Bc3 Qh6 38. Bd2 Qh5 39. Rf2
Qg4 40. Qxg4 Rxg4 41. Bd3 Rxa2 $6 (41... c4 $5 42. Be2 Rd4) 42. Bxb5 c4 (42...
Bxb2 $4 43. Rxb2 Rxb2 44. Bc3+) (42... Rxb2 43. Rxb2 Bxb2 44. f6 Bxf6 45. Rxf6
exf6 46. e7 $18) (42... Rg7 43. Rf4 Ng2 44. Ra4 $18) 43. Rf4 Rxf4 44. Bxf4 Bxb2
45. Bxc4 Ra4 46. Bxd6 $1 $18 Rxc4 47. Bxe7 Nxf5 48. d6 Nxe7 49. d7 Rd4 50. Rxb2
Kg8 (50... Nc6 51. Rc2 Ne7 52. Rc8+ $18) 51. Rb8+ 1-0

[Event "NED-chT 9495"]
[Site "Netherlands"]
[Date "1994.??.??"]
[Round "7"]
[White "Oll, Lembit"]
[Black "Peelen, Piet"]
[Result "1/2-1/2"]
[WhiteElo "2605"]
[BlackElo "2390"]
[PlyCount "60"]
[EventDate "1994.??.??"]
[EventType "team"]
[EventRounds "9"]
[EventCountry "NED"]
[Source "ChessBase"]
[SourceDate "1997.11.17"]

1. c4 e6 2. g3 d5 3. d4 dxc4 4. Bg2 c6 5. Nf3 b5 6. O-O Nd7 7. a4 Bb7 8. b3
cxb3 9. Qxb3 a6 10. Nc3 Ngf6 11. Bg5 Be7 12. Rfd1 O-O 13. Ne5 Nxe5 14. Bxf6 Nc4
15. axb5 axb5 16. Rxa8 Bxa8 17. Bxe7 Qxe7 18. Ra1 Nb6 19. e3 h6 20. Ne2 e5 21.
Ra6 Nc4 22. d5 Qb7 23. Qa2 cxd5 24. Nc3 e4 25. Nxb5 Qxb5 26. Rxa8 Rxa8 27.
Qxa8+ Kh7 28. Bf1 Qc5 29. Qe8 f6 30. Bh3 Nd6 1/2-1/2

[Event "NED-chT 9495"]
[Site "Netherlands"]
[Date "1994.??.??"]
[Round "8"]
[White "Oll, Lembit"]
[Black "Brenninkmeijer, Joris"]
[Result "1/2-1/2"]
[WhiteElo "2605"]
[BlackElo "2495"]
[PlyCount "61"]
[EventDate "1994.??.??"]
[EventType "team"]
[EventRounds "9"]
[EventCountry "NED"]
[Source "ChessBase"]
[SourceDate "1997.11.17"]

1. e4 c5 2. Nf3 e6 3. d4 cxd4 4. Nxd4 Nc6 5. Nb5 d6 6. c4 Nf6 7. N1c3 a6 8. Na3
b6 9. g3 Bb7 10. Bg2 Be7 11. O-O O-O 12. Be3 Ne5 13. Qe2 Qc7 14. Rac1 Rac8 15.
h3 Qb8 16. Kh2 Rfe8 17. f4 Ned7 18. Bg1 Nc5 19. Rfe1 Bc6 20. Nc2 h6 21. Nd4 Ba8
22. b4 Ncd7 23. Nb3 d5 24. e5 Ne4 25. Nxe4 dxe4 26. c5 bxc5 27. Nxc5 Nxc5 28.
bxc5 Qb4 29. Qc4 Qxc4 30. Rxc4 Rc7 31. Bxe4 1/2-1/2

[Event "NED-chT 9495"]
[Site "Netherlands"]
[Date "1994.??.??"]
[Round "9"]
[White "Beliavsky, Alexander"]
[Black "Oll, Lembit"]
[Result "0-1"]
[WhiteElo "2650"]
[BlackElo "2605"]
[PlyCount "88"]
[EventDate "1994.??.??"]
[EventType "team"]
[EventRounds "9"]
[EventCountry "NED"]
[Source "ChessBase"]
[SourceDate "1997.11.17"]

1. d4 d5 2. c4 c6 3. Nf3 Nf6 4. Nc3 e6 5. Bg5 Nbd7 6. e3 Qa5 7. cxd5 Nxd5 8.
Qd2 Bb4 9. Rc1 O-O 10. Bd3 h6 11. Bh4 e5 12. a3 Bxc3 13. bxc3 Re8 14. c4 Qxd2+
15. Nxd2 Nc7 16. O-O Ne6 17. Rfe1 b6 18. Bf5 exd4 19. exd4 Bb7 20. Ne4 Ndf8 21.
Rcd1 Nf4 22. Nd6 Rxe1+ 23. Rxe1 Ba6 24. Be7 N8e6 25. g3 Nxd4 26. gxf4 Nf3+ 27.
Kf1 Nxe1 28. Kxe1 Bxc4 29. Bc8 Bd5 30. Bb7 Rb8 31. Kd2 b5 32. f5 a5 33. Kc3 b4+
34. Kb2 f6 35. h4 h5 36. f4 Kh7 37. axb4 axb4 38. Kc2 b3+ 39. Kb2 Kg8 40. Bc8
Rb4 41. Be6+ Kh7 42. Ne8 Rxf4 43. Bxf6 gxf6 44. Nxf6+ Kh6 0-1

[Event "PCA-op"]
[Site "New York"]
[Date "1994.??.??"]
[Round "3"]
[White "Rohde, Michael"]
[Black "Oll, Lembit"]
[Result "1/2-1/2"]
[WhiteElo "2550"]
[BlackElo "2615"]
[PlyCount "69"]
[EventDate "1994.??.??"]
[EventType "swiss"]
[EventRounds "11"]
[EventCountry "USA"]
[Source "ChessBase"]
[SourceDate "1994.09.01"]

1. e4 c5 2. c3 e6 3. d4 d5 4. e5 Nc6 5. Nf3 Qb6 6. Be2 Nh6 7. Bxh6 gxh6 8. Qd2
Bg7 9. O-O O-O 10. Na3 cxd4 11. cxd4 f6 12. exf6 Rxf6 13. Nc2 Bd7 14. Ne3 Raf8
15. Rad1 Rf4 16. Nc2 Be8 17. Qe3 Re4 18. Qd2 Bh5 19. h3 Ref4 20. b3 Bxf3 21.
Bxf3 Nxd4 22. Nxd4 Bxd4 23. Qe2 Kh8 24. Kh1 Bg7 25. Rde1 R4f6 26. Bg4 Re8 27.
f4 e5 28. Bh5 Re7 29. fxe5 Rxe5 30. Qg4 Qc7 31. Rc1 Rxf1+ 32. Rxf1 d4 33. Qxd4
Rf5 34. Qd1 Rxf1+ 35. Qxf1 1/2-1/2

[Event "PCA-op"]
[Site "New York"]
[Date "1994.??.??"]
[Round "4"]
[White "Oll, Lembit"]
[Black "Wolff, Patrick"]
[Result "1-0"]
[WhiteElo "2615"]
[BlackElo "2595"]
[PlyCount "39"]
[EventDate "1994.??.??"]
[EventType "swiss"]
[EventRounds "11"]
[EventCountry "USA"]
[Source "ChessBase"]
[SourceDate "1994.09.01"]

1. d4 Nf6 2. Nf3 d5 3. c4 e6 4. Nc3 dxc4 5. e4 Bb4 6. Bg5 c5 7. Bxc4 cxd4 8.
Nxd4 Bxc3+ 9. bxc3 Qa5 10. Bb5+ Nbd7 11. Bxf6 Qxc3+ 12. Kf1 gxf6 13. h4 a6 14.
Rh3 Qa5 15. Be2 O-O 16. Nb3 Qe5 17. Rc1 b6 18. Qd2 Nc5 19. Nxc5 bxc5 20. Qh6
1-0

[Event "PCA-op"]
[Site "New York"]
[Date "1994.??.??"]
[Round "5"]
[White "Yermolinsky, Alex"]
[Black "Oll, Lembit"]
[Result "1/2-1/2"]
[WhiteElo "2590"]
[BlackElo "2615"]
[PlyCount "23"]
[EventDate "1994.??.??"]
[EventType "swiss"]
[EventRounds "11"]
[EventCountry "USA"]
[Source "ChessBase"]
[SourceDate "1994.09.01"]

1. d4 d5 2. Nf3 Nf6 3. g3 Bf5 4. Bg2 h6 5. O-O e6 6. c4 c6 7. Qb3 Qb6 8. c5 Qa6
9. Nc3 Nbd7 10. Re1 b6 11. cxb6 axb6 12. Bf4 1/2-1/2

[Event "PCA-op"]
[Site "New York"]
[Date "1994.??.??"]
[Round "6"]
[White "Oll, Lembit"]
[Black "Van Wely, Loek"]
[Result "1-0"]
[WhiteElo "2615"]
[BlackElo "2560"]
[PlyCount "57"]
[EventDate "1994.??.??"]
[EventType "swiss"]
[EventRounds "11"]
[EventCountry "USA"]
[Source "ChessBase"]
[SourceDate "1994.09.01"]

1. e4 c5 2. Nf3 d6 3. d4 cxd4 4. Nxd4 Nf6 5. Nc3 a6 6. Be2 e6 7. f4 Be7 8. a4
O-O 9. O-O Qc7 10. Kh1 Nc6 11. Be3 Re8 12. Bd3 Nd7 13. Qe1 Nc5 14. Nxc6 Qxc6
15. Bd4 Bf8 16. Qg3 Qb6 17. f5 Kh8 18. fxe6 Bxe6 19. Nd5 Qd8 20. Nf6 Re7 21.
Nh5 f6 22. Rxf6 Qd7 23. Raf1 Kg8 24. R6f4 Qxa4 25. Nf6+ Kh8 26. Nxh7 Kxh7 27.
Bxc5 Rf7 28. e5+ Kg8 29. Rxa4 1-0

[Event "PCA-op"]
[Site "New York"]
[Date "1994.??.??"]
[Round "7"]
[White "Smirin, Ilia"]
[Black "Oll, Lembit"]
[Result "1-0"]
[WhiteElo "2615"]
[BlackElo "2615"]
[PlyCount "101"]
[EventDate "1994.??.??"]
[EventType "swiss"]
[EventRounds "11"]
[EventCountry "USA"]
[Source "ChessBase"]
[SourceDate "1994.09.01"]

1. e4 d5 2. exd5 Qxd5 3. Nc3 Qa5 4. Nf3 Nf6 5. g3 c6 6. Bg2 Bg4 7. h3 Bh5 8.
O-O e6 9. a3 Nbd7 10. d3 Be7 11. Bd2 Qc7 12. b4 O-O 13. b5 c5 14. Re1 Rad8 15.
g4 Bg6 16. Nh4 Nb6 17. Nxg6 hxg6 18. Qf3 Nfd5 19. Nxd5 exd5 20. a4 Bf6 21. a5
Nd7 22. Rab1 Ne5 23. Qg3 g5 24. Bxg5 Nf3+ 25. Qxf3 Bxg5 26. Qf5 Bd2 27. Re2 g6
28. b6 axb6 29. axb6 Qc6 30. Qf3 Bb4 31. Re5 Qxb6 32. Rxd5 Rxd5 33. Qxd5 Qa5
34. Be4 Qa6 35. d4 Re8 36. dxc5 Bxc5 37. Rxb7 Qf6 38. Qxc5 Rxe4 39. Kg2 Re2 40.
Rb3 Qd8 41. Re3 Qa8+ 42. Rf3 Re6 43. c4 Qe8 44. Qb5 Qe7 45. c5 Qc7 46. Rc3 Qe5
47. Qc4 Rf6 48. Rf3 Rxf3 49. Kxf3 Qh2 50. c6 Qxh3+ 51. Ke2 1-0

[Event "PCA-op"]
[Site "New York"]
[Date "1994.??.??"]
[Round "9"]
[White "Oll, Lembit"]
[Black "Nikolic, Predrag"]
[Result "1/2-1/2"]
[WhiteElo "2615"]
[BlackElo "2655"]
[PlyCount "21"]
[EventDate "1994.??.??"]
[EventType "swiss"]
[EventRounds "11"]
[EventCountry "USA"]
[Source "ChessBase"]
[SourceDate "1994.09.01"]

1. d4 Nf6 2. c4 e6 3. Nf3 Bb4+ 4. Bd2 Qe7 5. g3 Nc6 6. Nc3 O-O 7. Bg2 Bxc3 8.
Bxc3 Ne4 9. Rc1 d6 10. O-O Nxc3 11. Rxc3 1/2-1/2

[Event "PCA-op"]
[Site "New York"]
[Date "1994.??.??"]
[Round "10"]
[White "Khalifman, Alexander"]
[Black "Oll, Lembit"]
[Result "1/2-1/2"]
[WhiteElo "2645"]
[BlackElo "2615"]
[PlyCount "25"]
[EventDate "1994.??.??"]
[EventType "swiss"]
[EventRounds "11"]
[EventCountry "USA"]
[Source "ChessBase"]
[SourceDate "1994.09.01"]

1. d4 d5 2. c4 c6 3. Nf3 Nf6 4. Qb3 e6 5. Bg5 Be7 6. e3 O-O 7. Nc3 Nbd7 8. Bd3
dxc4 9. Qxc4 c5 10. Rd1 cxd4 11. Qxd4 h6 12. Bf4 Qb6 13. Qxb6 1/2-1/2

[Event "PCA-op"]
[Site "New York"]
[Date "1994.??.??"]
[Round "11"]
[White "Oll, Lembit"]
[Black "Ehlvest, Jaan"]
[Result "1/2-1/2"]
[WhiteElo "2615"]
[BlackElo "2600"]
[PlyCount "26"]
[EventDate "1994.??.??"]
[EventType "swiss"]
[EventRounds "11"]
[EventCountry "USA"]
[Source "ChessBase"]
[SourceDate "1994.09.01"]

1. d4 Nf6 2. Nf3 e6 3. c4 b6 4. g3 Ba6 5. Nbd2 d5 6. Bg2 Be7 7. O-O O-O 8. Ne5
Bb7 9. b3 c5 10. dxc5 Bxc5 11. Bb2 Nc6 12. Nd3 Be7 13. Rc1 Rc8 1/2-1/2

[Event "PCA-op playoff"]
[Site "New York"]
[Date "1994.??.??"]
[Round "?"]
[White "Oll, Lembit"]
[Black "Kamsky, Gata"]
[Result "1-0"]
[WhiteElo "2615"]
[BlackElo "2695"]
[PlyCount "122"]
[EventDate "1994.??.??"]
[EventType "tourn"]
[EventRounds "7"]
[EventCountry "USA"]
[Source "ChessBase"]
[SourceDate "1994.09.01"]

1. e4 e5 2. Nf3 Nc6 3. Bb5 a6 4. Ba4 Nf6 5. O-O Be7 6. Re1 b5 7. Bb3 O-O 8. a4
Bb7 9. d3 d6 10. Nc3 Na5 11. Ba2 b4 12. Ne2 Rb8 13. Ng3 c5 14. Nd2 Ne8 15. Nc4
Nxc4 16. Bxc4 Bg5 17. c3 Bc8 18. d4 bxc3 19. bxc3 Bxc1 20. Rxc1 cxd4 21. cxd4
Nf6 22. dxe5 dxe5 23. Nh5 Nxh5 24. Qxh5 Qf6 25. Bd5 Bd7 26. Qe2 Bxa4 27. Rc7
Bb5 28. Qa2 Rbc8 29. Bxf7+ Kh8 30. Rxc8 Rxc8 31. Bd5 g6 32. h3 Kg7 33. Qd2 h5
34. Re3 Qe7 35. Rf3 Rf8 36. Rc3 Qd6 37. Qc1 Rd8 38. Rc7+ Rd7 39. Rc8 Rd8 40.
Rc5 Rd7 41. Qc3 Re7 42. Rc8 Re8 43. Rc5 Re7 44. f3 Qf6 45. Kh1 Qf4 46. Rc8 h4
47. Rg8+ Kh6 48. Rh8+ Kg5 49. Rc8 Qf6 50. Rc5 Kh6 51. Qc1+ Qg5 52. Qe1 Qf4 53.
Rc8 Kg7 54. Rg8+ Kh7 55. Rc8 Kg7 56. Qc3 Qf6 57. Rg8+ Kh7 58. Qc8 Kh6 59. Rf8
Qd6 60. Rh8+ Kg5 61. Qf8 Rd7 1-0

[Event "PCA-op playoff"]
[Site "New York"]
[Date "1994.??.??"]
[Round "?"]
[White "Oll, Lembit"]
[Black "Nikolic, Predrag"]
[Result "1/2-1/2"]
[WhiteElo "2615"]
[BlackElo "2655"]
[PlyCount "25"]
[EventDate "1994.??.??"]
[EventType "tourn"]
[EventRounds "7"]
[EventCountry "USA"]
[Source "ChessBase"]
[SourceDate "1994.09.01"]

1. d4 Nf6 2. c4 e6 3. Nf3 b6 4. g3 Ba6 5. Nbd2 d5 6. Bg2 Bd6 7. O-O O-O 8. b3
c5 9. dxc5 Bxc5 10. Bb2 Nbd7 11. Rc1 Rc8 12. e3 Qe7 13. Ne5 1/2-1/2

[Event "PCA-op playoff"]
[Site "New York"]
[Date "1994.??.??"]
[Round "?"]
[White "Smirin, Ilia"]
[Black "Oll, Lembit"]
[Result "1/2-1/2"]
[WhiteElo "2615"]
[BlackElo "2615"]
[PlyCount "26"]
[EventDate "1994.??.??"]
[EventType "tourn"]
[EventRounds "7"]
[EventCountry "USA"]
[Source "ChessBase"]
[SourceDate "1994.09.01"]

1. e4 d5 2. exd5 Qxd5 3. Nc3 Qa5 4. Nf3 Nf6 5. Be2 c6 6. O-O Bg4 7. h3 Bh5 8.
d3 e6 9. Nd4 Bxe2 10. Ndxe2 Nbd7 11. Ng3 Be7 12. Nce4 O-O 13. Nxf6+ Nxf6
1/2-1/2

[Event "New York op"]
[Site "New York"]
[Date "1994.??.??"]
[Round "2"]
[White "Oll, Lembit"]
[Black "Greanias, Steve"]
[Result "1-0"]
[WhiteElo "2590"]
[BlackElo "2325"]
[PlyCount "80"]
[EventDate "1994.03.30"]
[EventType "swiss"]
[EventRounds "9"]
[EventCountry "USA"]
[Source "ChessBase"]
[SourceDate "1994.07.01"]

1. d4 Nf6 2. c4 g6 3. g3 Bg7 4. Bg2 O-O 5. Nf3 c5 6. d5 d6 7. O-O Na6 8. Nc3
Nc7 9. e4 Bg4 10. h3 Bxf3 11. Qxf3 a6 12. Qe2 Rb8 13. a4 e6 14. a5 exd5 15.
exd5 Re8 16. Qc2 b5 17. axb6 Rxb6 18. Na4 Rb8 19. Bd2 Nd7 20. Rab1 Re2 21. Bf3
Re7 22. Ba5 Bd4 23. Kg2 f5 24. Rfd1 Ne5 25. Be2 Qe8 26. Rd2 Nf7 27. b4 Rb7 28.
Bd1 Qb8 29. Rb3 Ne8 30. bxc5 dxc5 31. Bb6 Qc8 32. Rxd4 cxd4 33. Bxd4 Rxb3 34.
Qxb3 Qb7 35. Nb6 Re4 36. Ba1 Nc7 37. Bf3 Re1 38. d6 Qa7 39. dxc7 Qxc7 40. Nd5
Qc5 1-0

[Event "New York op"]
[Site "New York"]
[Date "1994.??.??"]
[Round "5"]
[White "Tischbierek, Raj"]
[Black "Oll, Lembit"]
[Result "1/2-1/2"]
[WhiteElo "2490"]
[BlackElo "2590"]
[PlyCount "28"]
[EventDate "1994.03.30"]
[EventType "swiss"]
[EventRounds "9"]
[EventCountry "USA"]
[Source "ChessBase"]
[SourceDate "1994.07.01"]

1. e4 c5 2. Nc3 Nc6 3. Nge2 e5 4. Nd5 d6 5. Nec3 Nge7 6. Bc4 Nxd5 7. Nxd5 Be7
8. O-O O-O 9. d3 Bg5 10. Qh5 Bxc1 11. Raxc1 Ne7 12. f4 Nxd5 13. Bxd5 exf4 14.
Rxf4 Be6 1/2-1/2

[Event "New York op"]
[Site "New York"]
[Date "1994.??.??"]
[Round "7"]
[White "Oll, Lembit"]
[Black "Wojtkiewicz, Aleksander"]
[Result "1-0"]
[WhiteElo "2590"]
[BlackElo "2555"]
[PlyCount "75"]
[EventDate "1994.03.30"]
[EventType "swiss"]
[EventRounds "9"]
[EventCountry "USA"]
[Source "ChessBase"]
[SourceDate "1994.07.01"]

1. d4 d5 2. Nf3 c6 3. c4 Nf6 4. Nc3 dxc4 5. a4 Bf5 6. e3 e6 7. Bxc4 Bb4 8. O-O
Nbd7 9. Qe2 Bg6 10. e4 O-O 11. Bd3 Bh5 12. e5 Nd5 13. Ne4 Be7 14. Ng3 Bg6 15.
Bxg6 fxg6 16. Ne4 h6 17. a5 a6 18. Ne1 Qe8 19. Nd3 g5 20. b4 Qg6 21. Ndc5 Nxc5
22. bxc5 Rad8 23. Nd6 Bxd6 24. exd6 Rd7 25. Ra3 Rf6 26. Rg3 Qf7 27. Bd2 Qe8 28.
Qe4 Qh5 29. Rb3 Qh4 30. f3 Qxe4 31. fxe4 Rxf1+ 32. Kxf1 Nf6 33. d5 cxd5 34. e5
Ne4 35. Ke2 Nxc5 36. Rc3 Ne4 37. Rc7 Rd8 38. Be3 1-0

[Event "New York op"]
[Site "New York"]
[Date "1994.??.??"]
[Round "8"]
[White "Gruenfeld, Yehuda"]
[Black "Oll, Lembit"]
[Result "1/2-1/2"]
[WhiteElo "2545"]
[BlackElo "2590"]
[PlyCount "26"]
[EventDate "1994.03.30"]
[EventType "swiss"]
[EventRounds "9"]
[EventCountry "USA"]
[Source "ChessBase"]
[SourceDate "1994.07.01"]

1. e4 c6 2. d4 d5 3. Nd2 dxe4 4. Nxe4 Nd7 5. Nf3 Ngf6 6. Nxf6+ Nxf6 7. Ne5 Nd7
8. Bf4 Nxe5 9. Bxe5 Qd5 10. c4 Qa5+ 11. Qd2 Qxd2+ 12. Kxd2 Bf5 13. Bd3 Bxd3
1/2-1/2

[Event "Antwerp op"]
[Site "Antwerp"]
[Date "1994.??.??"]
[Round "1"]
[White "Monte, Peter"]
[Black "Oll, Lembit"]
[Result "0-1"]
[WhiteElo "2190"]
[BlackElo "2615"]
[PlyCount "94"]
[EventDate "1994.08.??"]
[EventType "swiss"]
[EventRounds "9"]
[EventCountry "BEL"]
[Source "ChessBase"]
[SourceDate "1997.11.17"]

1. e4 c5 2. g3 d5 3. exd5 Qxd5 4. Nf3 Bg4 5. Bg2 Qe6+ 6. Kf1 Bh3 7. d4 cxd4 8.
Nxd4 Qc4+ 9. Kg1 Bxg2 10. Kxg2 e6 11. b3 Qc8 12. Bb2 Nf6 13. c4 Be7 14. Re1 O-O
15. Nf5 Bd8 16. Nxg7 Kxg7 17. Qg4+ Kh8 18. Qh4 Nbd7 19. Nd2 e5 20. Rad1 Qc6+
21. Nf3 Bc7 22. Rd3 Rae8 23. Kg1 Rg8 24. Ng5 Rg7 25. Red1 Kg8 26. b4 a6 27. c5
Qa4 28. R1d2 a5 29. a3 axb4 30. axb4 b6 31. cxb6 Bxb6 32. Rd6 Qb5 33. Ne4 Nxe4
34. Qxe4 Nf8 35. R2d5 Qa6 36. Kg2 Qb7 37. f3 Bc7 38. Rf6 Ng6 39. Bc1 Qa8 40.
Bh6 Nf4+ 41. Rxf4 exf4 42. Qc4 Rd8 43. Qc3 Rg6 44. Rg5 Qa2+ 45. Kh3 Qe6+ 46.
Kg2 Rxg5 47. Bxg5 Ra8 0-1

[Event "Antwerp op"]
[Site "Antwerp"]
[Date "1994.??.??"]
[Round "2"]
[White "Oll, Lembit"]
[Black "Boey, Jozef Martin"]
[Result "1-0"]
[WhiteElo "2615"]
[BlackElo "2305"]
[PlyCount "77"]
[EventDate "1994.08.??"]
[EventType "swiss"]
[EventRounds "9"]
[EventCountry "BEL"]
[Source "ChessBase"]
[SourceDate "1997.11.17"]

1. d4 d5 2. c4 Nc6 3. Nf3 Bg4 4. Nc3 e6 5. e3 Nf6 6. h3 Bxf3 7. Qxf3 Bb4 8. Bd3
O-O 9. cxd5 exd5 10. O-O Re8 11. Bd2 a6 12. Rac1 Ne7 13. Qd1 Bxc3 14. Bxc3 c6
15. Be1 Ng6 16. Rc2 Qd7 17. Re2 Ne4 18. f3 Nd6 19. Qc2 Re7 20. Bg3 Rae8 21.
Rfe1 Nf8 22. Kh1 g6 23. a4 f5 24. Qc5 Nf7 25. Qb6 g5 26. Qb3 Ng6 27. Qc2 Nh6
28. Bh2 Rg7 29. e4 dxe4 30. fxe4 f4 31. e5 f3 32. Qb3+ Kh8 33. e6 fxg2+ 34.
Rxg2 Qe7 35. Bxg6 Rxg6 36. d5 cxd5 37. Qxd5 Rxe6 38. Rxe6 Qxe6 39. Qd4+ 1-0

[Event "Antwerp op"]
[Site "Antwerp"]
[Date "1994.??.??"]
[Round "4"]
[White "Oll, Lembit"]
[Black "Quist, Johan"]
[Result "1-0"]
[WhiteElo "2615"]
[BlackElo "2280"]
[PlyCount "75"]
[EventDate "1994.08.??"]
[EventType "swiss"]
[EventRounds "9"]
[EventCountry "BEL"]
[Source "ChessBase"]
[SourceDate "1997.11.17"]

1. e4 c5 2. Nf3 d6 3. d4 cxd4 4. Nxd4 Nf6 5. Nc3 a6 6. Be2 e5 7. Nb3 Be7 8. O-O
O-O 9. Kh1 Qc7 10. f4 b5 11. a4 b4 12. Nd5 Nxd5 13. exd5 Nd7 14. Bd2 Rb8 15. c4
bxc3 16. Bxc3 Bf6 17. Rc1 Qb6 18. Na5 Bb7 19. Nc4 Qc5 20. fxe5 Bg5 21. Bd2 Bxd2
22. Qxd2 dxe5 23. Nxe5 Qd6 24. Nc6 Bxc6 25. Rxc6 Qe5 26. b4 Nb6 27. Bxa6 Nxa4
28. d6 Nb6 29. Rc5 Qe6 30. Re1 Qf6 31. Bb5 g6 32. d7 Rfd8 33. h3 Kg7 34. Rf1
Qe7 35. Qc3+ f6 36. Re1 Qf7 37. Qg3 Nxd7 38. Bxd7 1-0

[Event "Antwerp op"]
[Site "Antwerp"]
[Date "1994.??.??"]
[Round "5"]
[White "Ljubojevic, Ljubomir"]
[Black "Oll, Lembit"]
[Result "1-0"]
[WhiteElo "2580"]
[BlackElo "2615"]
[PlyCount "83"]
[EventDate "1994.08.??"]
[EventType "swiss"]
[EventRounds "9"]
[EventCountry "BEL"]
[Source "ChessBase"]
[SourceDate "1997.11.17"]

1. e4 d5 2. exd5 Qxd5 3. Nc3 Qa5 4. Nf3 Nf6 5. d4 Bf5 6. Bd2 e6 7. a3 c6 8. Ne4
Qb6 9. Nxf6+ gxf6 10. b4 Nd7 11. c4 Bg7 12. Be3 Qc7 13. Nh4 Bg6 14. Be2 O-O 15.
O-O f5 16. g3 Nf6 17. Bf3 Rfd8 18. Qe2 a5 19. Rfd1 Qe7 20. Rab1 axb4 21. axb4
Ne8 22. b5 cxb5 23. Rxb5 Nd6 24. Rbb1 Rd7 25. c5 Ne4 26. Bxe4 fxe4 27. Nxg6
hxg6 28. Qg4 Rad8 29. Qxe4 Rd5 30. Rdc1 R8d7 31. Rc4 Qd8 32. h4 Bf6 33. Kg2 Kg7
34. Rcb4 Qc8 35. R1b3 e5 36. dxe5 Rxe5 37. Qf3 Rf5 38. Rf4 Rxf4 39. Qxf4 Rd5
40. Rb6 Be5 41. Qe4 Qd7 42. Rd6 1-0